| 000 | 00646nam a22002417a 4500 | ||
|---|---|---|---|
| 999 |
_c7311 _d7311 |
||
| 001 | 3689 | ||
| 003 | BD-DhUAP | ||
| 005 | 20210119114426.0 | ||
| 008 | 201109s1991 ii a|||| |||| 001 0 eng d | ||
| 020 | _a0333519531 | ||
| 020 | _a033351954X | ||
| 040 |
_aBD-DhUAP _bEng _cBD-DhUAP _dBD-DhUAP |
||
| 082 |
_223 _a543.5 KEM |
||
| 100 | _akemp, William. | ||
| 245 |
_aOrganic spectroscopy / _cWilliam kemp. |
||
| 250 | _a3rd ed. | ||
| 260 |
_aLondon : _bMacmillan, _cc1991. |
||
| 300 |
_axxi, 393 pages : _billustrations ; _c24 cm. |
||
| 500 | _aIncludes index. | ||
| 650 | _aSpectrum analysis. | ||
| 650 | _aChemistry, Organic. | ||
| 942 |
_2ddc _cBK |
||